[Event "XV Festival A"]
[Site "Lucca ITA"]
[Date "2003.10.??"]
[Round "1"]
[White "Koroveshi, Thoma"]
[Black "Simonini, Roberto"]
[Result "1/2-1/2"]
[WhiteElo "1966"]
[BlackElo "1696"]
[PlyCount "115"]
[EventDate "2003.10.18"]

1.c4 e5 2.g3 Nc6 3.Bg2 g6 4.Nc3 Bg7 5.Rb1 d6 6.b4 f5 7.e3 Nf6 8.b5 Ne7 9.
d4 O-O 10.dxe5 dxe5 11.Qxd8 Rxd8 12.Ba3 Bf8 13.Nf3 e4 14.Nd4 a6 15.Bb4 a5 
16.Ba3 Ng4 17.O-O Ne5 18.Bxe7 Bxe7 19.Nd5 Bd6 20.Rfc1 b6 21.f3 exf3 22.
Nxf3 Nd3 23.Rd1 Nc5 24.Ng5 Bb7 25.Rb2 h6 26.Nh3 Kg7 27.Rbd2 Bxd5 28.Rxd5 
Rab8 29.Nf4 Re8 30.Rxd6 cxd6 31.Rxd6 Rxe3 32.Rxg6+ Kh7 33.Rf6 Ne4 34.Rxf5 
Re1+ 35.Bf1 Nd2 36.Nd5 Rxf1+ 37.Rxf1 Nxf1 38.Kxf1 Kg6 39.Ke2 Kf5 40.Kd3 
Ke5 41.a4 Rd8 42.g4 Rd6 43.h3 Rd8 44.Ke3 Rd6 45.Ne7 Rd1 46.Nc8 Rh1 47.Nxb6
Rxh3+ 48.Kf2 Kd6 49.Nd5 Kc5 50.Ne3 Rh2+ 51.Kf3 Ra2 52.Nf5 Rxa4 53.Nxh6 
Rxc4 54.g5 Kxb5 55.g6 Rc7 56.Nf5 a4 57.g7 Rxg7 58.Nxg7 1/2-1/2

[Event "XV Festival A"]
[Site "Lucca ITA"]
[Date "2003.10.??"]
[Round "3"]
[White "Choque Paredes, Jose' Carlos"]
[Black "Capurro, Giuliano"]
[Result "0-1"]
[WhiteElo "1754"]
[BlackElo "2039"]
[PlyCount "52"]
[EventDate "2003.10.18"]

1.d4 Nf6 2.c4 g6 3.Nc3 Bg7 4.e4 d6 5.Nf3 O-O 6.Be2 Bg4 7.O-O Nbd7 8.Rb1 c5
9.d5 a6 10.Nd2 Bxe2 11.Qxe2 e5 12.dxe6 fxe6 13.f4 Nh5 14.f5 Bd4+ 15.Kh1 
Qh4 16.Rf3 exf5 17.Nf1 Rae8 18.g3 Qh3 19.Bf4 fxe4 20.Nxe4 Qf5 21.Nfd2 Ndf6
22.Bh6 Nxe4 23.Qxe4 Qxe4 24.Bxf8 Qc6 25.Bh6 Bg7 26.Bg5 h6 0-1

[Event "XV Festival A"]
[Site "Lucca ITA"]
[Date "2003.10.??"]
[Round "3"]
[White "Djuric, Stefan"]
[Black "Aldrovandi, Costantino"]
[Result "1-0"]
[WhiteElo "2488"]
[BlackElo "2414"]
[PlyCount "108"]
[EventDate "2003.10.18"]

1.Nf3 Nf6 2.c4 g6 3.g3 Bg7 4.Bg2 O-O 5.O-O d6 6.Nc3 c6 7.d4 Bf5 8.Nh4 Bd7 
9.e4 e5 10.Nf3 Re8 11.d5 cxd5 12.cxd5 Na6 13.Re1 Qc8 14.Rb1 Nh5 15.Bd2 Bh3
16.b4 Qg4 17.Nb5 Bf8 18.Bxh3 Qxh3 19.Be3 Rec8 20.Qe2 Qg4 21.Ng5 Qxe2 22.
Rxe2 h6 23.Nf3 Nf6 24.Nxa7 Rc4 25.Nd2 Rxb4 26.f3 Nd7 27.Rxb4 Nxb4 28.Nc4 
Nd3 29.Nb6 Nxb6 30.Bxb6 Nc5 31.Rc2 f5 32.Rc4 fxe4 33.fxe4 Kf7 34.Kf1 Be7 
35.a4 h5 36.Ke2 g5 37.Rb4 Nd7 38.Be3 Rb8 39.Rb1 g4 40.Kd3 Bd8 41.Nb5 Be7 
42.Rc1 Nc5+ 43.Bxc5 dxc5 44.Rf1+ Kg6 45.Kc4 Ra8 46.d6 Rxa4+ 47.Kd5 Bg5 48.
Rf8 Rb4 49.Rg8+ Kf7 50.Rxg5 Rxb5 51.Rf5+ Ke8 52.Ke6 Rb6 53.Rxh5 Kf8 54.Rh7
c4 1-0

[Event "XV Festival A"]
[Site "Lucca ITA"]
[Date "2003.10.??"]
[Round "3"]
[White "Tocchioni, Doriano"]
[Black "Vancini, Edoardo"]
[Result "1-0"]
[WhiteElo "2199"]
[BlackElo "2284"]
[PlyCount "71"]
[EventDate "2003.10.18"]

1.d4 e6 2.Nf3 f5 3.Bg5 Nf6 4.Nbd2 d5 5.e3 Bd6 6.c4 c6 7.c5 Bc7 8.Ne5 O-O 
9.f4 b6 10.b4 a5 11.a3 Qe8 12.Be2 Ba6 13.O-O Bxe2 14.Qxe2 b5 15.a4 bxa4 
16.Rxa4 Nbd7 17.Rfa1 Nxe5 18.fxe5 Ng4 19.h3 Nxe5 20.dxe5 Bxe5 21.R1a2 Bc7 
22.bxa5 e5 23.a6 Ra7 24.Rb2 h6 25.Bh4 e4 26.Rb7 Rxb7 27.axb7 g5 28.Bf2 Qe7
29.Qh5 Kg7 30.Nb3 Qe5 31.Nd4 Rb8 32.Bg3 f4 33.exf4 gxf4 34.Nf5+ Kf8 35.
Qxh6+ Kf7 36.Qh7+ 1-0

[Event "XV Festival A"]
[Site "Lucca ITA"]
[Date "2003.10.??"]
[Round "4"]
[White "Aldrovandi, Costantino"]
[Black "Tocchioni, Doriano"]
[Result "1/2-1/2"]
[WhiteElo "2414"]
[BlackElo "2199"]
[PlyCount "95"]
[EventDate "2003.10.18"]

1.c4 c5 2.g3 g6 3.Bg2 Bg7 4.Nc3 d6 5.d3 a6 6.h4 Nc6 7.h5 Bg4 8.h6 Bxc3+ 9.
bxc3 Nf6 10.Nh3 Bd7 11.a4 Na5 12.Bg5 Bc6 13.e4 O-O 14.Nf4 Ne8 15.Bh3 Nc7 
16.Nd5 Nxd5 17.cxd5 Bd7 18.Bg2 b5 19.axb5 axb5 20.O-O f6 21.Be3 c4 22.d4 
Nb3 23.Rxa8 Qxa8 24.e5 Qa3 25.Be4 dxe5 26.dxe5 fxe5 27.d6 Be6 28.Bg5 Qxd6 
29.Qxd6 exd6 30.Be7 d5 31.Bxf8 Kxf8 32.Bc2 Bf5 33.Bd1 Ke7 34.f4 Bd3 35.Rf2
d4 36.cxd4 exd4 37.Rb2 Kd6 38.Bxb3 cxb3 39.Rxb3 Bc4 40.Rb2 Kc5 41.Kf2 b4 
42.g4 b3 43.g5 Kb4 44.f5 Bg8 45.Re2 Kc3 46.Re8 b2 47.Rc8+ Kd2 48.Rb8 
1/2-1/2

[Event "XV Festival A"]
[Site "Lucca ITA"]
[Date "2003.10.??"]
[Round "4"]
[White "Capurro, Giuliano"]
[Black "Frilli, Guido"]
[Result "1/2-1/2"]
[WhiteElo "2039"]
[BlackElo "2115"]
[PlyCount "76"]
[EventDate "2003.10.18"]

1.e4 c5 2.d3 Nc6 3.c4 g6 4.Nc3 Bg7 5.g3 Rb8 6.Bg2 a6 7.Nge2 d6 8.O-O e6 9.
Be3 Nge7 10.Qd2 O-O 11.Rad1 Nd4 12.Bh6 Nec6 13.Bxg7 Kxg7 14.Nxd4 cxd4 15.
Ne2 Bd7 16.b4 b5 17.a3 e5 18.Rc1 a5 19.c5 Ra8 20.cxd6 axb4 21.axb4 Qb8 22.
Rc5 Qxd6 23.Rfc1 Ra4 24.f4 f6 25.Rxb5 Nxb4 26.Rb7 Ra2 27.Qd1 Rb8 28.Rbc7 
Kh8 29.fxe5 fxe5 30.R7c5 Bg4 31.Bf1 Ra3 32.Qd2 Nxd3 33.Rc6 Qf8 34.Nxd4 
Nxc1 35.Qg5 exd4 36.Qe5+ Qg7 37.Qxb8+ Qg8 38.Qe5+ Qg7 1/2-1/2

[Event "XV Festival A"]
[Site "Lucca ITA"]
[Date "2003.10.??"]
[Round "5"]
[White "Battaglia, Edoardo"]
[Black "Bocchicchio, Gaetano"]
[Result "0-1"]
[WhiteElo "1723"]
[BlackElo "2212"]
[PlyCount "126"]
[EventDate "2003.10.18"]

1.e4 c5 2.Nc3 a6 3.a4 e6 4.Nge2 Qa5 5.g3 b5 6.Bg2 Bb7 7.O-O b4 8.Nb1 d6 9.
d4 Nd7 10.c3 Ngf6 11.Nd2 cxd4 12.cxd4 Rc8 13.b3 Be7 14.Bb2 d5 15.e5 Ne4 
16.Bxe4 dxe4 17.Nc4 Qd8 18.Nf4 Nb6 19.Nxb6 Qxb6 20.d5 exd5 21.Nxd5 Qe6 22.
Nxe7 Kxe7 23.Qd6+ Qxd6 24.exd6+ Kxd6 25.Bxg7 Rhg8 26.Rfd1+ Ke6 27.Bd4 Bd5 
28.Rab1 Rc2 29.Be3 Rgc8 30.Rd4 a5 31.Rbd1 R8c5 32.Bh6 f6 33.Bf8 Ke5 34.
Bxc5 Rxc5 35.f4+ exf3 36.R4d3 Be4 37.Re1 Rc3 38.Rde3 f5 39.Kf2 Rc2+ 40.Kf1
Rxh2 41.g4 Rh1+ 42.Kf2 Rxe1 43.Rxe1 fxg4 44.Kg3 Kd4 45.Kxg4 Bc2 46.Kxf3 
Bxb3 47.Re4+ Kc3 48.Re5 Bxa4 49.Rxa5 Bc2 50.Rc5+ Kd2 51.Rb5 b3 52.Kg4 Kc1 
53.Kg5 b2 54.Kh6 b1=Q 55.Rxb1+ Bxb1 56.Kg5 Kd2 57.Kg4 Ke2 58.Kh5 Kf3 59.
Kg5 Kg3 60.Kh6 Kg4 61.Kg7 h5 62.Kh6 h4 63.Kg7 h3 0-1

[Event "XV Festival A"]
[Site "Lucca ITA"]
[Date "2003.10.??"]
[Round "5"]
[White "Raspopovic, Stanisa"]
[Black "Piscopo, Pierluigi"]
[Result "0-1"]
[WhiteElo "2078"]
[BlackElo "2321"]
[PlyCount "70"]
[EventDate "2003.10.18"]

1.e4 c5 2.Nf3 e6 3.d4 cxd4 4.Nxd4 Nc6 5.Nc3 Nf6 6.Ndb5 d6 7.Bf4 e5 8.Bg5 
a6 9.Na3 b5 10.Nd5 Be7 11.Bxf6 Bxf6 12.c3 Bg5 13.Nc2 Rb8 14.g3 O-O 15.Bg2 
a5 16.a3 Ne7 17.Nxe7+ Qxe7 18.O-O Be6 19.f4 Qa7+ 20.Kh1 Bf6 21.Qe1 exf4 
22.gxf4 Qc5 23.Ne3 b4 24.axb4 axb4 25.f5 Bc4 26.Rf3 bxc3 27.bxc3 Rfe8 28.
Rh3 Bg5 29.Ng4 Rb2 30.Rh5 f6 31.Rh3 Be2 32.Qg3 Reb8 33.Re1 Rb1 34.Rh5 Bxg4
35.Rxg5 fxg5 0-1

[Event "XV Festival A"]
[Site "Lucca ITA"]
[Date "2003.10.??"]
[Round "6"]
[White "Aldrovandi, Costantino"]
[Black "Contin, Daniel"]
[Result "1-0"]
[WhiteElo "2414"]
[BlackElo "2377"]
[PlyCount "89"]
[EventDate "2003.10.18"]

1.c4 c5 2.g3 g6 3.Bg2 Bg7 4.Nc3 Nc6 5.e3 Nh6 6.Nge2 Nf5 7.O-O O-O 8.a3 d6 
9.Rb1 a5 10.b3 Rb8 11.Nb5 e5 12.Bb2 Re8 13.d4 exd4 14.exd4 Rxe2 15.Qxe2 
Nfxd4 16.Nxd4 Nxd4 17.Bxd4 Bxd4 18.Bd5 Bf5 19.Rbd1 Qd7 20.Qd2 a4 21.b4 b5 
22.Qa2 Bg4 23.Rd3 Qf5 24.Qd2 bxc4 25.Rxd4 cxd4 26.Qxd4 Be2 27.Re1 Qd3 28.
Bxf7+ Kxf7 29.Qa7+ Ke6 30.Qxb8 Kd5 31.Qe8 Bf3 32.Qb5+ Kd4 33.Qxa4 c3 34.
b5+ Qc4 35.Qa7+ Qc5 36.Qg7+ Kc4 37.Re3 Qd4 38.Qc7+ Qc5 39.Qa5 Qxe3 40.fxe3
Kd3 41.Kf2 c2 42.Qc7 Bd5 43.Qxd6 Kc4 44.Qb4+ Kd3 45.Qd4# 1-0